[Event "ccc 2015 1"]
[Site "?"]
[Date "2015.05.02"]
[Round "6.10"]
[White "Lundin,2234, FM Jan"]
[Black "Christiansen,2392, FM Johan-Sebastian"]
[Result "0-1"]
[BlackElo "2392"]
[WhiteElo "2234"]
[LiveChessVersion "1.4.5"]

1. e4 {[%clk 1:30:57]} e6 {[%clk 1:30:42]} 2. d4 {[%clk 1:31:16]} d5
{[%clk 1:31:00]} 3. e5 {[%clk 1:31:40]} c5 {[%clk 1:31:23]} 4. c3
{[%clk 1:32:04]} Nc6 {[%clk 1:31:47]} 5. Nf3 {[%clk 1:32:25]} Qb6
{[%clk 1:32:06]} 6. Na3 {[%clk 1:31:58]} cxd4 7. cxd4 {[%clk 1:32:10]} Bd7
{[%clk 1:25:57]} 8. Nc2 {[%clk 1:31:28]} Rc8 {[%clk 1:24:16]} 9. Be2
{[%clk 1:30:04]} Nge7 {[%clk 1:22:44]} 10. O-O {[%clk 1:27:11]} Nf5
{[%clk 1:21:34]} 11. g4 {[%clk 1:11:54]} Nfe7 {[%clk 1:20:44]} 12. Bd3
{[%clk 1:11:20]} Na5 {[%clk 1:11:49]} 13. b4 {[%clk 1:03:28]} Nc4
{[%clk 1:10:45]} 14. a4 {[%clk 1:03:47]} a6 {[%clk 1:06:46]} 15. Ng5
{[%clk 0:50:08]} h6 {[%clk 0:56:36]} 16. Nh7 {[%clk 0:46:55]} Nc6
{[%clk 0:47:12]} 17. Nxf8 {[%clk 0:46:55]} Kxf8 {[%clk 0:47:37]} 18. Be3
{[%clk 0:26:45]} Nb2 {[%clk 0:42:59]} 19. Qd2 {[%clk 0:24:47]} Nxd3
{[%clk 0:42:43]} 20. Qxd3 {[%clk 0:25:12]} h5 {[%clk 0:40:52]} 21. g5
{[%clk 0:20:03]} g6 {[%clk 0:38:36]} 22. Rfb1 {[%clk 0:19:57]} Ne7
{[%clk 0:35:24]} 23. b5 {[%clk 0:18:57]} axb5 {[%clk 0:32:02]} 24. axb5
{[%clk 0:17:55]} Kg7 {[%clk 0:28:38]} 25. Bc1 {[%clk 0:17:36]} Nf5
{[%clk 0:26:13]} 26. Ne3 {[%clk 0:14:09]} Nxd4 {[%clk 0:24:49]} 27. Bb2
{[%clk 0:14:01]} Nf3+ {[%clk 0:24:32]} 28. Kg2 {[%clk 0:11:48]} Bxb5
{[%clk 0:18:26]} 29. Nxd5 {[%clk 0:09:11]} Nh4+ {[%clk 0:11:59]} 30. Kh3
{[%clk 0:07:40]} Qxf2 {[%clk 0:11:52]} 31. Qe4 {[%clk 0:04:44]} Be2
{[%clk 0:11:06]} 32. Ne3 {[%clk 0:04:34]} Bg4+ {[%clk 0:11:21]} 33. Nxg4
{[%clk 0:04:21]} hxg4+ {[%clk 0:11:47]} 34. Kxg4 {[%clk 0:04:35]} Nf5
{[%clk 0:11:35]} 0-1

[Event "ccc 2015 1"]
[Site "?"]
[Date "2015.05.02"]
[Round "6.11"]
[White "Stojanovski,2232, Sandi"]
[Black "Christensen,2358, IM Tobias Bent"]
[Result "1-0"]
[BlackElo "2358"]
[WhiteElo "2232"]
[LiveChessVersion "1.4.5"]

1. d4 {[%clk 1:27:32]} d5 {[%clk 1:30:56]} 2. c4 {[%clk 1:26:58]} dxc4
{[%clk 1:31:23]} 3. Nf3 {[%clk 1:25:27]} Nf6 {[%clk 1:30:19]} 4. e3
{[%clk 1:24:16]} e6 {[%clk 1:30:10]} 5. Bxc4 {[%clk 1:23:56]} c5 {[%clk 1:30:28]}
6. O-O {[%clk 1:23:01]} a6 {[%clk 1:30:56]} 7. a4 {[%clk 1:18:44]} cxd4
{[%clk 1:26:12]} 8. exd4 {[%clk 1:18:47]} Qc7 {[%clk 1:25:14]} 9. Qe2
{[%clk 1:05:57]} Nbd7 {[%clk 1:15:47]} 10. Nc3 {[%clk 1:03:07]} Bd6
{[%clk 1:09:20]} 11. Bg5 {[%clk 0:49:19]} O-O {[%clk 1:04:46]} 12. Rac1
{[%clk 0:49:29]} Bf4 {[%clk 0:53:12]} 13. Bxf4 {[%clk 0:49:03]} Qxf4
{[%clk 0:53:38]} 14. Rfd1 {[%clk 0:43:35]} Nb6 {[%clk 0:45:46]} 15. Bb3
{[%clk 0:35:18]} Bd7 {[%clk 0:46:08]} 16. Qe5 {[%clk 0:26:24]} Qh6
{[%clk 0:30:53]} 17. a5 {[%clk 0:25:29]} Nc8 {[%clk 0:26:40]} 18. d5
{[%clk 0:20:55]} exd5 {[%clk 0:21:55]} 19. Nxd5 {[%clk 0:21:20]} Bc6
{[%clk 0:15:08]} 20. Nxf6+ {[%clk 0:13:08]} Qxf6 {[%clk 0:15:01]} 21. Qxf6
{[%clk 0:12:15]} gxf6 {[%clk 0:15:30]} 22. Nd4 {[%clk 0:10:41]} Ne7
{[%clk 0:15:43]} 23. Nxc6 {[%clk 0:10:29]} Nxc6 {[%clk 0:16:08]} 24. Rd7
{[%clk 0:09:14]} Nxa5 {[%clk 0:15:49]} 25. Bd5 {[%clk 0:06:47]} Rad8
{[%clk 0:12:32]} 26. Bxf7+ {[%clk 0:06:25]} Kg7 {[%clk 0:13:01]} 27. Be6+
{[%clk 0:05:35]} Rxd7 {[%clk 0:13:23]} 28. Bxd7 {[%clk 0:05:54]} Rf7
{[%clk 0:13:08]} 29. Bg4 {[%clk 0:05:22]} Nb3 {[%clk 0:11:36]} 30. Rc3
{[%clk 0:05:15]} Re7 {[%clk 0:10:46]} 31. g3 {[%clk 0:05:20]} Nd4
{[%clk 0:11:03]} 32. Rd3 {[%clk 0:05:18]} Nc6 {[%clk 0:09:26]} 33. f4
{[%clk 0:04:48]} Nb4 {[%clk 0:08:14]} 34. Rd4 {[%clk 0:04:38]} a5
{[%clk 0:07:18]} 35. Kf2 {[%clk 0:04:03]} Rc7 {[%clk 0:07:22]} 36. Rd2
{[%clk 0:04:09]} Kf7 {[%clk 0:07:17]} 37. Bf5 {[%clk 0:04:20]} Ke8
{[%clk 0:05:04]} 38. g4 {[%clk 0:04:27]} h6 {[%clk 0:05:11]} 39. Be4
{[%clk 0:04:08]} Ke7 {[%clk 0:05:17]} 40. h4 {[%clk 0:04:31]} b6 {[%clk 0:04:19]}
41. g5 {[%clk 0:04:42]} fxg5 {[%clk 0:04:43]} 42. fxg5 {[%clk 0:04:58]} hxg5
{[%clk 0:04:54]} 43. hxg5 {[%clk 0:05:27]} Na6 {[%clk 0:01:39]} 44. Ke3
{[%clk 0:05:25]} Nc5 {[%clk 0:02:04]} 45. Rh2 {[%clk 0:05:18]} Ke6
{[%clk 0:01:31]} 46. Rh6+ {[%clk 0:03:53]} Ke5 {[%clk 0:01:53]} 47. Bd3
{[%clk 0:03:57]} Ne6 {[%clk 0:01:10]} 48. g6 {[%clk 0:04:01]} Ng7
{[%clk 0:00:51]} 49. Rh8 {[%clk 0:04:06]} Rd7 {[%clk 0:00:57]} 50. Rf8
{[%clk 0:04:08]} Ne6 {[%clk 0:00:48]} 51. Rb8 {[%clk 0:03:40]} Nf4
{[%clk 0:01:11]} 52. Be4 {[%clk 0:03:25]} Nd5+ {[%clk 0:00:35]} 53. Bxd5
{[%clk 0:03:47]} Rxd5 {[%clk 0:00:38]} 54. g7 {[%clk 0:03:46]} 1-0

[Event "ccc 2015 1"]
[Site "?"]
[Date "2015.05.02"]
[Round "6.12"]
[White "Nielsen,2339, FM Niels Jørgen Fries"]
[Black "Nielsen,2219, FM Lars Aaes"]
[Result "1-0"]
[BlackElo "2219"]
[WhiteElo "2339"]
[LiveChessVersion "1.4.5"]

1. Nf3 {[%clk 1:29:25]} d5 {[%clk 1:30:55]} 2. c4 {[%clk 1:29:50]} c6
{[%clk 1:31:01]} 3. b3 {[%clk 1:29:15]} Nf6 {[%clk 1:30:46]} 4. Bb2
{[%clk 1:29:27]} g6 {[%clk 1:30:42]} 5. d3 {[%clk 1:29:45]} Bg7 {[%clk 1:31:03]}
6. g3 {[%clk 1:29:52]} O-O {[%clk 1:31:27]} 7. Bg2 {[%clk 1:30:20]} Qa5+
{[%clk 1:27:05]} 8. Bc3 {[%clk 1:29:22]} Qb6 {[%clk 1:27:21]} 9. O-O
{[%clk 1:29:32]} Nbd7 {[%clk 1:26:04]} 10. Qc2 {[%clk 1:27:18]} Re8
{[%clk 1:25:06]} 11. Qb2 {[%clk 1:19:16]} a5 {[%clk 1:16:17]} 12. cxd5 cxd5
{[%clk 1:16:40]} 13. Bd4 {[%clk 1:16:39]} Nh5 {[%clk 1:14:48]} 14. Bxg7
{[%clk 1:16:03]} Nxg7 {[%clk 1:15:10]} 15. Nc3 {[%clk 1:15:24]} Nf6
{[%clk 1:14:27]} 16. Na4 {[%clk 1:14:23]} Qd6 {[%clk 1:14:29]} 17. Qe5
{[%clk 1:12:42]} Ra6 {[%clk 1:11:56]} 18. Rfc1 {[%clk 1:07:17]} Ne6
{[%clk 1:08:40]} 19. e3 {[%clk 1:01:45]} Bd7 {[%clk 1:06:27]} 20. Qxd6
{[%clk 1:01:23]} Rxd6 {[%clk 1:06:19]} 21. Ne5 {[%clk 0:59:42]} Bxa4
{[%clk 0:52:20]} 22. bxa4 {[%clk 0:59:34]} Rb6 {[%clk 0:52:12]} 23. Rab1
{[%clk 0:56:51]} Rxb1 {[%clk 0:47:29]} 24. Rxb1 {[%clk 0:57:20]} Nc5
{[%clk 0:47:52]} 25. Bf3 {[%clk 0:51:28]} e6 {[%clk 0:39:56]} 26. d4
{[%clk 0:48:44]} Nxa4 {[%clk 0:31:52]} 27. Rxb7 {[%clk 0:49:04]} Nc3
{[%clk 0:29:47]} 28. Rxf7 {[%clk 0:46:57]} Rf8 {[%clk 0:26:59]} 29. Re7
{[%clk 0:45:40]} Nxa2 {[%clk 0:25:27]} 30. Rxe6 {[%clk 0:45:19]} Nb4
{[%clk 0:25:50]} 31. Rb6 {[%clk 0:45:25]} Ne4 {[%clk 0:25:19]} 32. Rb5
{[%clk 0:42:13]} Nd2 {[%clk 0:21:28]} 33. Bxd5+ {[%clk 0:35:41]} Nxd5
{[%clk 0:21:49]} 34. Rxd5 {[%clk 0:36:08]} Ra8 {[%clk 0:22:14]} 35. Rc5
{[%clk 0:34:27]} a4 {[%clk 0:22:17]} 36. Rc2 {[%clk 0:32:56]} a3 {[%clk 0:20:50]}
37. Rxd2 {[%clk 0:32:39]} a2 {[%clk 0:21:16]} 38. Rxa2 {[%clk 0:33:04]} Rxa2
{[%clk 0:21:42]} 39. g4 {[%clk 0:32:46]} g5 {[%clk 0:21:43]} 40. Kg2
{[%clk 0:33:08]} Kg7 {[%clk 0:21:44]} 41. Kg3 {[%clk 0:33:06]} Re2
{[%clk 0:21:17]} 42. Nf3 {[%clk 0:33:08]} Kf6 {[%clk 0:20:57]} 43. h4
{[%clk 0:33:14]} h6 {[%clk 0:21:00]} 44. h5 {[%clk 0:33:26]} Ra2 {[%clk 0:20:27]}
45. Nh2 {[%clk 0:33:09]} Ra3 {[%clk 0:20:40]} 46. Nf1 {[%clk 0:33:15]} Ke6
{[%clk 0:17:22]} 47. Kf3 {[%clk 0:33:44]} Kd5 {[%clk 0:17:14]} 48. Ng3
{[%clk 0:34:12]} Ra6 {[%clk 0:17:21]} 49. Nf5 {[%clk 0:34:35]} Re6
{[%clk 0:17:40]} 50. Kg3 {[%clk 0:34:35]} Ke4 {[%clk 0:16:47]} 51. Kg2
{[%clk 0:33:29]} Ra6 {[%clk 0:16:59]} 52. Ng3+ {[%clk 0:33:46]} Kd5
{[%clk 0:16:37]} 53. Kf3 {[%clk 0:34:10]} Rf6+ {[%clk 0:16:57]} 54. Nf5
{[%clk 0:34:31]} Re6 {[%clk 0:17:19]} 55. Ke2 {[%clk 0:33:36]} Ra6
{[%clk 0:17:40]} 56. Ne7+ {[%clk 0:32:59]} Ke6 {[%clk 0:17:29]} 57. Ng6
{[%clk 0:33:00]} Kd5 {[%clk 0:17:26]} 58. Kf3 {[%clk 0:32:56]} Rf6+
{[%clk 0:16:40]} 59. Kg3 {[%clk 0:33:24]} Ke4 {[%clk 0:16:13]} 60. Ne5
{[%clk 0:33:44]} Ra6 {[%clk 0:16:14]} 61. Nd7 {[%clk 0:33:39]} Kd5
{[%clk 0:15:42]} 62. Nc5 {[%clk 0:33:22]} Ra3 {[%clk 0:14:48]} 63. Kf3
{[%clk 0:33:25]} Ra7 {[%clk 0:15:16]} 64. Nd3 {[%clk 0:32:29]} Rf7+
{[%clk 0:15:25]} 65. Kg2 {[%clk 0:30:38]} Ra7 {[%clk 0:15:14]} 66. Kg3
{[%clk 0:30:03]} Ke4 {[%clk 0:14:57]} 67. Nc5+ {[%clk 0:27:45]} Kd5
{[%clk 0:15:25]} 68. Kf3 {[%clk 0:26:58]} Rf7+ {[%clk 0:15:54]} 69. Ke2
{[%clk 0:27:20]} Ra7 {[%clk 0:16:17]} 70. Nb3 {[%clk 0:26:31]} Ra2+
{[%clk 0:14:38]} 71. Nd2 {[%clk 0:27:00]} Ra6 {[%clk 0:14:41]} 72. Nf1
{[%clk 0:26:27]} Ra2+ {[%clk 0:14:45]} 73. Kf3 {[%clk 0:26:50]} Ra6
{[%clk 0:15:11]} 74. Ng3 {[%clk 0:26:36]} Rf6+ {[%clk 0:15:36]} 75. Kg2
{[%clk 0:26:59]} Ra6 {[%clk 0:15:46]} 76. Nf5 {[%clk 0:26:30]} Rb6
{[%clk 0:14:40]} 77. f3 {[%clk 0:26:05]} Kc4 {[%clk 0:13:22]} 78. Kg3
{[%clk 0:24:14]} Kd3 {[%clk 0:13:13]} 79. d5 {[%clk 0:24:21]} Ke2
{[%clk 0:12:41]} 80. d6 {[%clk 0:21:46]} Rb1 {[%clk 0:12:42]} 81. d7
{[%clk 0:16:53]} Rb8 {[%clk 0:09:45]} 82. Nd4+ {[%clk 0:14:49]} Kxe3
{[%clk 0:08:32]} 83. Ne6 {[%clk 0:14:48]} 1-0

[Event "ccc 2015 1"]
[Site "?"]
[Date "2015.05.02"]
[Round "6.13"]
[White "Percivaldi,2333, FM Martin"]
[Black "Nielsen,2197, Thomas Bach"]
[Result "1-0"]
[BlackElo "2197"]
[WhiteElo "2333"]
[LiveChessVersion "1.4.5"]

1. d4 {[%clk 1:30:56]} f5 {[%clk 1:30:06]} 2. c4 {[%clk 1:31:14]} Nf6
{[%clk 1:30:24]} 3. g3 {[%clk 1:31:34]} g6 {[%clk 1:30:41]} 4. Bg2
{[%clk 1:31:55]} Bg7 {[%clk 1:31:05]} 5. Nf3 {[%clk 1:32:15]} O-O
{[%clk 1:31:24]} 6. Nc3 {[%clk 1:31:51]} d6 {[%clk 1:31:42]} 7. O-O
{[%clk 1:32:07]} Nc6 {[%clk 1:30:32]} 8. d5 {[%clk 1:31:45]} Ne5 {[%clk 1:30:54]}
9. Qb3 {[%clk 1:31:42]} Kh8 {[%clk 1:29:05]} 10. Nd4 {[%clk 1:28:47]} Nh5
{[%clk 1:14:29]} 11. f4 {[%clk 1:17:23]} Ng4 {[%clk 1:11:39]} 12. e3
{[%clk 1:17:32]} g5 {[%clk 0:59:10]} 13. fxg5 {[%clk 0:58:42]} e5
{[%clk 0:50:58]} 14. dxe6 {[%clk 0:59:05]} Qxg5 {[%clk 0:49:12]} 15. Nce2
{[%clk 0:48:28]} c5 {[%clk 0:37:42]} 16. e4 {[%clk 0:41:16]} f4 {[%clk 0:35:25]}
17. Nf5 {[%clk 0:40:55]} Bxe6 {[%clk 0:28:38]} 18. gxf4 {[%clk 0:38:56]} Qf6
{[%clk 0:27:09]} 19. Nxg7 {[%clk 0:31:02]} Qxg7 {[%clk 0:27:27]} 20. Bd2
{[%clk 0:30:28]} Qf7 {[%clk 0:26:55]} 21. Qc3+ {[%clk 0:29:59]} Kg8
{[%clk 0:26:40]} 22. b3 {[%clk 0:30:06]} a6 {[%clk 0:25:10]} 23. f5
{[%clk 0:29:06]} Bd7 {[%clk 0:24:49]} 24. Nf4 {[%clk 0:29:25]} Nhf6
{[%clk 0:24:26]} 25. Rae1 {[%clk 0:20:52]} Rae8 {[%clk 0:23:15]} 26. Bc1
{[%clk 0:21:14]} b5 {[%clk 0:23:13]} 27. Bb2 {[%clk 0:21:13]} Ne5
{[%clk 0:22:07]} 28. Nd3 {[%clk 0:21:00]} Nfg4 {[%clk 0:20:34]} 29. h3
{[%clk 0:19:02]} b4 {[%clk 0:14:52]} 30. Qd2 {[%clk 0:18:48]} Nf6
{[%clk 0:14:48]} 31. Bxe5 {[%clk 0:18:48]} dxe5 {[%clk 0:14:58]} 32. Nxc5
{[%clk 0:19:10]} Rd8 {[%clk 0:14:29]} 33. Qxb4 {[%clk 0:18:44]} Nh5
{[%clk 0:13:17]} 34. Qc3 {[%clk 0:18:02]} Qg7 {[%clk 0:13:00]} 35. Rd1
{[%clk 0:14:31]} Nf4 {[%clk 0:13:19]} 36. Rxf4 {[%clk 0:13:09]} exf4
{[%clk 0:10:20]} 37. Qxg7+ {[%clk 0:13:34]} Kxg7 {[%clk 0:10:48]} 38. Rxd7+
{[%clk 0:13:56]} Rxd7 {[%clk 0:10:55]} 39. Nxd7 {[%clk 0:14:24]} Rd8
{[%clk 0:11:11]} 40. Nb6 {[%clk 0:14:50]} Rd2 {[%clk 0:11:22]} 41. Nd5
{[%clk 0:15:05]} Kh6 {[%clk 0:11:16]} 42. Nxf4 {[%clk 0:14:44]} Rxa2
{[%clk 0:11:20]} 43. f6 {[%clk 0:14:17]} Rb2 {[%clk 0:11:45]} 44. e5
{[%clk 0:14:05]} Rxb3 {[%clk 0:12:08]} 45. e6 {[%clk 0:14:28]} a5
{[%clk 0:12:18]} 46. e7 {[%clk 0:14:50]} 1-0

[Event "ccc 2015 1"]
[Site "?"]
[Date "2015.05.02"]
[Round "6.14"]
[White "Mitscherling,2221, FM Andreas"]
[Black "Englert,2318, FM Fabian"]
[Result "1/2-1/2"]
[BlackElo "2318"]
[WhiteElo "2221"]
[LiveChessVersion "1.4.5"]

1. d4 {[%clk 1:30:58]} g6 {[%clk 1:30:54]} 2. g3 {[%clk 1:30:59]} Bg7
{[%clk 1:30:37]} 3. Bg2 {[%clk 1:31:14]} d5 {[%clk 1:30:01]} 4. Nf3
{[%clk 1:31:20]} Nf6 {[%clk 1:30:26]} 5. O-O {[%clk 1:31:44]} O-O
{[%clk 1:30:52]} 6. c4 {[%clk 1:30:53]} dxc4 {[%clk 1:31:13]} 7. Qc2
{[%clk 1:30:04]} Nc6 {[%clk 1:27:01]} 8. Qxc4 {[%clk 1:29:42]} Be6
{[%clk 1:24:38]} 9. Qa4 {[%clk 1:27:28]} Nd5 {[%clk 1:16:50]} 10. e3
{[%clk 1:18:48]} Nb6 {[%clk 1:14:15]} 11. Qd1 {[%clk 1:19:16]} Bc4
{[%clk 1:03:21]} 12. Re1 {[%clk 1:19:41]} Nb4 {[%clk 1:03:32]} 13. b3
{[%clk 1:18:37]} Ba6 {[%clk 1:03:16]} 14. Bf1 {[%clk 1:18:13]} Bxf1
{[%clk 1:02:51]} 15. Rxf1 {[%clk 1:15:03]} c5 {[%clk 1:01:44]} 16. Ba3
{[%clk 1:13:40]} a5 {[%clk 0:59:31]} 17. Nc3 {[%clk 1:13:28]} Rc8
{[%clk 0:51:53]} 18. Rc1 {[%clk 1:12:00]} cxd4 {[%clk 0:49:51]} 19. Nxd4
{[%clk 1:11:58]} N6d5 {[%clk 0:49:20]} 20. Nxd5 {[%clk 1:08:10]} Qxd5
{[%clk 0:49:35]} 21. Qe2 {[%clk 1:07:46]} Rfd8 {[%clk 0:44:00]} 22. Bxb4
{[%clk 1:07:40]} axb4 {[%clk 0:43:56]} 23. Nf3 {[%clk 1:01:02]} Rxc1
{[%clk 0:41:30]} 24. Rxc1 {[%clk 1:01:14]} Bc3 {[%clk 0:41:52]} 25. e4
{[%clk 0:57:44]} Qa5 {[%clk 0:32:46]} 26. Kg2 {[%clk 0:56:10]} Kg7
{[%clk 0:32:44]} 27. h4 {[%clk 0:56:19]} Qa6 {[%clk 0:30:28]} 28. Qxa6
{[%clk 0:54:26]} bxa6 {[%clk 0:30:56]} 29. Kf1 {[%clk 0:54:21]} f5
{[%clk 0:29:58]} 30. exf5 {[%clk 0:53:51]} gxf5 {[%clk 0:30:26]} 31. Ke2
{[%clk 0:53:25]} Rd5 {[%clk 0:29:29]} 32. a4 {[%clk 0:51:42]} Rd6
{[%clk 0:29:57]} 33. Rd1 {[%clk 0:51:49]} Re6+ {[%clk 0:29:33]} 34. Kf1
{[%clk 0:51:10]} h6 {[%clk 0:15:31]} 35. Rd7 {[%clk 0:44:00]} Kf6
{[%clk 0:15:15]} 36. Rb7 {[%clk 0:43:08]} Rd6 {[%clk 0:15:06]} 37. Rb8
{[%clk 0:40:06]} Kf7 {[%clk 0:13:24]} 38. Ra8 {[%clk 0:30:08]} e5
{[%clk 0:13:33]} 39. h5 {[%clk 0:30:28]} Rd1+ {[%clk 0:08:15]} 40. Ke2
{[%clk 0:30:46]} Rb1 {[%clk 0:08:38]} 41. Ra7+ {[%clk 0:30:12]} Ke8
{[%clk 0:09:07]} 42. Rxa6 {[%clk 0:30:22]} e4 {[%clk 0:07:16]} 43. Nd2
{[%clk 0:29:47]} Rb2 {[%clk 0:07:44]} 44. Rd6 {[%clk 0:30:12]} Ke7
{[%clk 0:08:08]} 45. Rd5 {[%clk 0:30:34]} Ke6 {[%clk 0:08:31]} 46. Rd8
{[%clk 0:30:55]} Ke7 {[%clk 0:07:11]} 47. Rd5 {[%clk 0:31:18]} Ke6
{[%clk 0:07:38]} 48. Rd8 {[%clk 0:31:44]} Bf6 {[%clk 0:08:06]} 49. Rg8
{[%clk 0:30:30]} Kf7 {[%clk 0:05:52]} 50. Rg6 {[%clk 0:30:43]} Bc3
{[%clk 0:04:44]} 51. Rd6 {[%clk 0:31:05]} Ke7 {[%clk 0:05:11]} 52. Rd5
{[%clk 0:31:08]} Ke6 {[%clk 0:05:37]} 53. Rd8 1/2-1/2

[Event "ccc 2015 1"]
[Site "?"]
[Date "2015.05.02"]
[Round "6.15"]
[White "Arman,2315, FM Deniz"]
[Black "Eriksson,2137, Christian Altenburg"]
[Result "1-0"]
[BlackElo "2137"]
[WhiteElo "2315"]
[LiveChessVersion "1.4.5"]

1. e4 {[%clk 1:23:50]} c5 {[%clk 1:30:51]} 2. Nf3 {[%clk 1:23:35]} Nc6
{[%clk 1:31:15]} 3. d4 {[%clk 1:23:48]} cxd4 {[%clk 1:31:40]} 4. Nxd4
{[%clk 1:24:14]} e5 {[%clk 1:32:04]} 5. Nb5 {[%clk 1:24:21]} d6 {[%clk 1:32:27]}
6. c4 {[%clk 1:24:43]} Be7 {[%clk 1:32:18]} 7. N1c3 {[%clk 1:21:16]} a6
{[%clk 1:32:18]} 8. Na3 {[%clk 1:21:42]} f5 {[%clk 1:32:29]} 9. exf5
{[%clk 1:17:58]} Bxf5 {[%clk 1:32:32]} 10. Bd3 {[%clk 1:18:22]} Be6
{[%clk 1:32:54]} 11. O-O {[%clk 1:05:54]} Nf6 {[%clk 1:32:53]} 12. Nc2
{[%clk 1:05:39]} O-O {[%clk 1:32:03]} 13. b3 {[%clk 1:03:16]} Qe8
{[%clk 1:27:27]} 14. Bb2 {[%clk 0:57:31]} Rc8 {[%clk 1:24:38]} 15. Ne3
{[%clk 0:56:29]} Kh8 {[%clk 1:17:52]} 16. Bf5 {[%clk 0:54:30]} Nd4
{[%clk 1:14:37]} 17. Bxe6 {[%clk 0:52:36]} Nxe6 {[%clk 1:15:06]} 18. Ncd5
{[%clk 0:50:58]} Nxd5 {[%clk 1:13:42]} 19. Qxd5 {[%clk 0:49:31]} Nf4
{[%clk 0:58:12]} 20. Qxb7 {[%clk 0:46:48]} Nd3 {[%clk 0:51:56]} 21. Ba3
{[%clk 0:45:08]} Rc6 {[%clk 0:45:23]} 22. Nd5 {[%clk 0:32:57]} Bg5
{[%clk 0:34:20]} 23. Nb4 {[%clk 0:31:49]} Nxb4 {[%clk 0:33:51]} 24. Qxb4
{[%clk 0:32:09]} e4 {[%clk 0:28:48]} 25. Rae1 {[%clk 0:24:57]} Qg6
{[%clk 0:16:55]} 26. Qb7 {[%clk 0:23:05]} Rfc8 {[%clk 0:16:00]} 27. Qd7
{[%clk 0:22:38]} h5 {[%clk 0:13:15]} 28. Re2 {[%clk 0:20:35]} R8c7
{[%clk 0:12:25]} 29. Qh3 {[%clk 0:21:00]} Rf7 {[%clk 0:11:58]} 30. Rfe1
{[%clk 0:18:44]} Rf4 {[%clk 0:05:19]} 31. Qd7 {[%clk 0:17:53]} d5
{[%clk 0:05:22]} 32. Qxd5 {[%clk 0:15:26]} Bh4 {[%clk 0:03:33]} 33. g3
{[%clk 0:15:24]} Re6 {[%clk 0:02:33]} 34. Bc1 {[%clk 0:09:05]} Rf5
{[%clk 0:02:24]} 35. Qb7 {[%clk 0:08:19]} Rf7 {[%clk 0:01:28]} 36. Qa8+
{[%clk 0:08:29]} Kh7 {[%clk 0:01:47]} 37. Rxe4 {[%clk 0:08:07]} Qf5
{[%clk 0:00:52]} 38. Rxe6 {[%clk 0:07:00]} Qxf2+ {[%clk 0:00:39]} 39. Kh1
{[%clk 0:07:26]} Bxg3 {[%clk 0:00:39]} 40. Qe4+ {[%clk 0:07:42]} Rf5
{[%clk 0:00:39]} 41. hxg3 {[%clk 0:07:50]} 1-0

[Event "ccc 2015 1"]
[Site "?"]
[Date "2015.05.02"]
[Round "6.16"]
[White "Jacobsen,2188, Mikkel Manosri"]
[Black "Haubro,2314, FM Martin"]
[Result "0-1"]
[BlackElo "2314"]
[WhiteElo "2188"]
[LiveChessVersion "1.4.5"]

1. Nf3 {[%clk 1:30:57]} Nf6 {[%clk 1:30:45]} 2. b3 {[%clk 1:31:21]} e6
{[%clk 1:29:32]} 3. Bb2 {[%clk 1:31:45]} Be7 {[%clk 1:29:57]} 4. e3
{[%clk 1:32:09]} b6 {[%clk 1:29:30]} 5. Be2 {[%clk 1:31:49]} Bb7 {[%clk 1:29:53]}
6. O-O {[%clk 1:32:12]} c5 {[%clk 1:30:00]} 7. c4 {[%clk 1:30:53]} d6
{[%clk 1:29:50]} 8. d3 {[%clk 1:29:25]} O-O {[%clk 1:29:38]} 9. Nbd2
{[%clk 1:29:47]} a6 {[%clk 1:24:50]} 10. Rc1 {[%clk 1:22:11]} Nbd7
{[%clk 1:21:21]} 11. a3 {[%clk 1:15:32]} b5 {[%clk 1:11:23]} 12. d4
{[%clk 1:10:25]} bxc4 {[%clk 1:09:25]} 13. Nxc4 {[%clk 1:10:39]} Bxf3
{[%clk 0:35:59]} 14. Bxf3 {[%clk 1:08:33]} d5 {[%clk 0:36:26]} 15. Nd2
{[%clk 1:08:15]} cxd4 {[%clk 0:36:46]} 16. exd4 {[%clk 1:07:37]} a5
{[%clk 0:34:03]} 17. Be2 {[%clk 1:02:17]} Bd6 {[%clk 0:33:59]} 18. Rc6
{[%clk 0:59:31]} Nb8 {[%clk 0:30:38]} 19. Rc2 {[%clk 0:57:31]} Qe7
{[%clk 0:30:30]} 20. Qc1 {[%clk 0:40:49]} Nbd7 {[%clk 0:28:34]} 21. a4
{[%clk 0:39:37]} Nb8 {[%clk 0:25:43]} 22. Nf3 {[%clk 0:35:22]} Na6
{[%clk 0:20:26]} 23. Qg5 {[%clk 0:24:30]} Nb4 {[%clk 0:18:54]} 24. Rcc1
{[%clk 0:23:47]} Qb7 {[%clk 0:16:47]} 25. Bb5 {[%clk 0:21:06]} Qb8
{[%clk 0:13:18]} 26. Qh4 {[%clk 0:20:40]} Ne4 {[%clk 0:12:21]} 27. Ne5
{[%clk 0:18:44]} Bxe5 {[%clk 0:11:39]} 28. dxe5 {[%clk 0:19:11]} Qb6
{[%clk 0:12:03]} 29. Rcd1 {[%clk 0:17:31]} Rac8 {[%clk 0:11:20]} 30. Bd4
{[%clk 0:17:05]} Qb8 {[%clk 0:11:47]} 31. Qh3 {[%clk 0:10:53]} Nc6
{[%clk 0:07:57]} 32. Bb2 {[%clk 0:08:03]} Nxe5 {[%clk 0:07:00]} 33. f3
{[%clk 0:05:16]} Nc3 {[%clk 0:04:33]} 34. f4 {[%clk 0:05:31]} Qb6+
{[%clk 0:04:34]} 35. Kh1 {[%clk 0:04:46]} Nxd1 {[%clk 0:05:00]} 36. Rxd1
{[%clk 0:05:10]} Ng6 {[%clk 0:05:22]} 37. f5 {[%clk 0:04:24]} exf5
{[%clk 0:05:47]} 38. Qxf5 {[%clk 0:04:45]} Qe6 {[%clk 0:04:30]} 39. Qf2
{[%clk 0:02:51]} Ne5 {[%clk 0:03:57]} 40. Qd4 {[%clk 0:00:52]} f6
{[%clk 0:03:59]} 41. Bc3 {[%clk 0:01:17]} Ra8 {[%clk 0:02:03]} 42. h3
{[%clk 0:01:19]} Rfd8 {[%clk 0:02:27]} 43. Re1 {[%clk 0:00:46]} Qf5
{[%clk 0:02:31]} 44. Qd2 {[%clk 0:00:55]} Rac8 {[%clk 0:00:59]} 45. Rf1
{[%clk 0:00:42]} Qg6 {[%clk 0:01:00]} 46. Bxa5 {[%clk 0:00:41]} Rd6
{[%clk 0:00:36]} 47. Rf2 {[%clk 0:00:38]} Qb1+ {[%clk 0:00:53]} 48. Kh2
{[%clk 0:00:55]} Rc1 {[%clk 0:01:06]} 49. Re2 {[%clk 0:00:40]} Rh1+
{[%clk 0:00:49]} 50. Kg3 {[%clk 0:01:06]} Qg6+ {[%clk 0:01:07]} 51. Kf2
{[%clk 0:01:26]} Qf5+ {[%clk 0:01:17]} 52. Ke3 {[%clk 0:01:00]} d4+
{[%clk 0:01:30]} 0-1